000
00284nam a2200109Ia 4500
008
210430s9999 xx 000 0 und d
082
_a
954.91 C426 A
100
_a
M.Ali Chiragh
245
_a
Akaabreen Tehreek-e-Pakistan
_c
M.Ali Chiragh
260
_a
Lahore
_b
M.Ali
942
_c
BK
_2
ddc
999
_c
564553
_d
564553